CPA reviewer in taxation/ (Record no. 5772)

MARC details
000 -LEADER
fixed length control field 00563nam a22001577a 4500
003 - CONTROL NUMBER IDENTIFIER
control field OSt
005 - DATE AND TIME OF LATEST TRANSACTION
control field 20251118111442.0
008 - FIXED-LENGTH DATA ELEMENTS--GENERAL INFORMATION
fixed length control field 251118b |||||||| |||| 00| 0 eng d
040 ## - CATALOGING SOURCE
Original cataloging agency DWCL-Main lib
Transcribing agency OC
082 ## - DEWEY DECIMAL CLASSIFICATION NUMBER
Classification number Fil. 336.2 A527c 2015
245 ## - TITLE STATEMENT
Title CPA reviewer in taxation/
Statement of responsibility, etc. Ampongan,Omar Erasmo G.
260 ## - PUBLICATION, DISTRIBUTION, ETC.
Place of publication, distribution, etc. [place of publication not identified] : [publishing company not identified]: c2019
Name of publisher, distributor, etc. [publishing company not identified]:
Date of publication, distribution, etc. c2019.
300 ## - PHYSICAL DESCRIPTION
Extent 702 pages:
Other physical details illustration ;
Dimensions 20cm.
650 ## - SUBJECT ADDED ENTRY--TOPICAL TERM
Topical term or geographic name entry element 1. Taxation
942 ## - ADDED ENTRY ELEMENTS (KOHA)
Source of classification or shelving scheme Dewey Decimal Classification
Koha item type Book-Filipiniana
Call number prefix Fil.
Suppress in OPAC No
952 ## - LOCATION AND ITEM INFORMATION (KOHA)
--
Holdings
Withdrawn status Lost status Source of classification or shelving scheme Damaged status Not for loan Home library Current library Shelving location Date acquired Source of acquisition Total Checkouts Full call number Barcode Date last seen Copy number Price effective from Koha item type Uniform Resource Identifier
    Dewey Decimal Classification     College Library College Library Filipiniana 10/28/2021 Donation   Fil. 336.2 A527c 2015 53025 11/18/2025 c1 11/18/2025 BK - FIL